Valuing historic buildings (Record no. 66281)
[ view plain ]
| 000 -LEADER | |
|---|---|
| fixed length control field | 01287cam a2200253 4500 |
| 001 - CONTROL NUMBER | |
| control field | ABS63611 |
| 008 - FIXED-LENGTH DATA ELEMENTS--GENERAL INFORMATION | |
| fixed length control field | 000000n2001 000 0 eng u |
| 035 ## - SYSTEM CONTROL NUMBER | |
| System control number | (Sirsi) u111243 |
| 100 ## - MAIN ENTRY--PERSONAL NAME | |
| Personal name | Oxley, R. |
| 245 ## - TITLE STATEMENT | |
| Title | Valuing historic buildings |
| 260 ## - PUBLICATION, DISTRIBUTION, ETC. | |
| Date of publication, distribution, etc. | 2001 |
| 490 ## - SERIES STATEMENT | |
| Series statement | CSM (Chartered Surveyor Monthly) |
| Volume/sequential designation | February 2001, 25(1) |
| 520 ## - SUMMARY, ETC. | |
| Summary, etc. | Latest edition of the "European Valuation Standards 2000" (EVS) by TEGoVA includes specific guidance to the valuation of historic buildings. The new guidance supports concerns set out in the Red Book on the potential for damage to be caused by the valuation process to historic buildings. New guidance advises valuers to be confident that recommendations for repair work included within a valuation are not harmful to the integral structure of the building. Available from RICS Books, ref: 5904, £75 plus p&p. |
| 590 ## - LOCAL NOTE (RLIN) | |
| Local note | ABS |
| 650 ## - SUBJECT ADDED ENTRY--TOPICAL TERM | |
| Topical term or geographic name entry element | HISTORIC BUILDINGS |
| 650 ## - SUBJECT ADDED ENTRY--TOPICAL TERM | |
| Topical term or geographic name entry element | VALUATION PROCESS |
| 650 ## - SUBJECT ADDED ENTRY--TOPICAL TERM | |
| Topical term or geographic name entry element | GUIDANCE |
| 650 ## - SUBJECT ADDED ENTRY--TOPICAL TERM | |
| Topical term or geographic name entry element | ABOUT RICS-RELATED ORGANISATIONS-EUROPEAN GROUP OF VALUERS' ASSOCIATIONS |
| 650 ## - SUBJECT ADDED ENTRY--TOPICAL TERM | |
| Topical term or geographic name entry element | EUROPEAN VALUATION STANDARDS |
| 650 ## - SUBJECT ADDED ENTRY--TOPICAL TERM | |
| Topical term or geographic name entry element | PLANNING (LISTED BUILDINGS AND CONSERVATION AREAS) ACT 1990 |
| 650 ## - SUBJECT ADDED ENTRY--TOPICAL TERM | |
| Topical term or geographic name entry element | BUILDING CONSERVATION |
| 690 ## - LOCAL SUBJECT ADDED ENTRY--TOPICAL TERM (OCLC, RLIN) | |
| Topical term or geographic name as entry element | PROPERTY-PROPERTY APPRAISAL AND VALUATION |
| 942 ## - ADDED ENTRY ELEMENTS (KOHA) | |
| Suppress in OPAC | 0 |
| Withdrawn status | Lost status | Source of classification or shelving scheme | Damaged status | Not for loan | Home library | Current library | Shelving location | Date acquired | Total Checkouts | Full call number | Barcode | Date last seen | Copy number | Price effective from | Koha item type |
|---|---|---|---|---|---|---|---|---|---|---|---|---|---|---|---|
| Dewey Decimal Classification | London | London | Journal article | 02/03/2001 | ABS63611 | 111243-1001 | 06/08/2019 | 1 | 06/08/2019 | Journal article |